00558nam a2200157Ia 4500008004100000020005500041040000800096082001900104100002100123245008900144260000900233264002000242942001300262952010800275999001700383231129s1994||||xx |||||||||||||| ||spa|| a84-7583-735-2  bspa a658.4092 L844g aLombriser Roman 0aGrandes intraempresarios: Desarrollo de nuevos negocios dentro de las organizaciones c1994 aEdiciones Folio 2ddccBKS 00102ddc4070aBRCbBRCd2010-08-02l0o658.4092 L844gp16240r2023-11-29 21:14:18t1w2023-11-29yBK c14645d14645